00886cam a22002891 450000100060000000300080000600500170001400800390003103500190007004000310008904100080012008200200012810000550014824500260020326000290022930000210025850000370027950000440031665000130036065000380037365000350041165000310044665000250047765000230050265100430052565500280056818961BD-RjUL20211209000350.0140222s1951 nyu 000 1 eng a(BD-RjUL)19019 aDLCcWadDLCdBD-RjULbeng aeng a821.9bBUS 19511 aBuck, Pearl S.q(Pearl Sydenstricker),d1892-1973.10aSons /cPearl S.Buck. aLndon :bMethuen,c1951. a451 p. ;c22 cm. aAt head of title: Pearl S. Buck. a"First trade edition, September, 1932." 0aFiction. 0aConflict of generationsvFiction. 0aChildren of the richvFiction. 0aFathers and sonsvFiction. 0aLandownersvFiction. 0aBrothersvFiction. 0aChinaxHistoryy20th centuryvFiction. 7aDomestic fiction.2lcsh